01163nam a2200289 4500003000900000005001700009008004100026020001800067040002300085041000800108050002600116100003100142245009000173264004800263300003500311336002200346337002400368338002400392500012000416520015100536610003800687650003800725650003600763650004300799942001400842999001700856MX-MxINE20260601171020.0260520b2016\\\\si\a||||\||||\00|\0\eng\d a9789814385626 aICIbspacICIerda aeng aNA1547.5.S5bN87 2016 1aSNG SIOK AIeeditor934620 a NUS Baba House:bArchitecture and artefacts of a straits chinese home /cSNG SIOK AI aSingapore :bNational Heritage Board,c2016 a144 páginas :bilustarciones 2rdacontentatexto 2rdamediaasin medio 2rdacarrieravolumen aPublicación sobre la conservación y patrimonio cultural de la casa Baba de la National University of Singapore. aObra dedicada a la historia, arquitectura interior y patrimonio cultural de la NUS Baba House, representativa de la cultura Peranakan en Singapur. aNUS Baba House (Singapore)934621 aHistoric housesxSingapore934622 aPeranakan (Asian people)934623 aInterior decorationxSingapore.934624 2lccn1cB c20871d20871